| 000 | 00486nam a2200169Ia 4500 | ||
|---|---|---|---|
| 005 | 20250508151432.0 | ||
| 008 | 008 250505s9999 xx 000 0 eng d | ||
| 037 | _aBooks to be hide in OPAC | ||
| 040 |
_aFEDL _beng _cFEDL |
||
| 041 |
_aeng _2eng |
||
| 084 |
_a370.954 5, PUN/O _qFEDL |
||
| 245 | 0 | _aReport on the progress of education in the Punjab : 1931-32 | |
| 260 | _c1933 | ||
| 300 | _ai,122p. | ||
| 942 |
_cHB _h370.954 5, PUN/O |
||
| 999 |
_c1329780 _d1329780 |
||